000 00630nam a2200217Ia 4500
008 180523s9999 xx 000 0 und d
020 _a978-981-424-604-0
050 _aComSc QA 76.9
050 _b.D3S54 2008
100 _aShelly, Gary B.
245 0 _aDatabase management :
245 0 _bessential concepts and techniques in Microsoft Access 2007 /
245 0 _cGary B. Shelly, Thomas J. Cashman, Misty E. Vermaat.
260 _aSingapore :
260 _bCengage Learning Asia Pte Ltd.,
260 _c2008
300 _a232 pages :
300 _billustrations ;
300 _c26 cm.
500 _aIncludes index.
999 _c357826
_d357826